000 00829nam a22002537a 4500
003 DO-SdBNP
005 20240301124642.0
007 ta
008 201123e2004 dr ad cer a 00| 1 edspa
020 _a9993482412
040 _aDO-SdBNP
_bspa
_cBNPHU
041 _hspa
082 4 _a363.12
_bG297a
_222
100 1 _aGreen, Pedro N.,
_d1938-
_977371
245 1 0 _aAccidentes de tránsito :
_buna epidemia en República Dominicana /
_cPedro N Green.
260 _aSanto Domingo :
_bSoluciones Gráficas,
_c2004.
300 _a220 p. :
_bil., gráf. retr. ;
_c21 cm.
590 _aInventariado, 2020 /LP
650 4 _aAccidentes de transito
_zRepública Dominicana
_981249
650 4 _aAsistencia medica
_981250
650 4 _aVictimas de accidentes de transito
_981251
910 _aValidado, 222/MFF
942 _2ddc
_cLBS1
999 _c49184
_d49184